000 00305nam a22001337a 4500
008 170925b xxu||||| |||| 00| 0 eng d
020 _a9780814108093
041 _aeng
080 _a37
100 _a46
101 _aEDU
245 _aCROSS-TALKIN COMP THEOERY A READER
_cVILLANUEVA,V
942 _2udc
_cBK
999 _c29508
_d29508